All Things pass Except The Past (Record no. 773)

MARC details
000 -LEADER
fixed length control field 00366nam a22001457a 4500
008 - FIXED-LENGTH DATA ELEMENTS--GENERAL INFORMATION
fixed length control field 230607b xxu||||| |||| 00| 0 eng d
020 ## - INTERNATIONAL STANDARD BOOK NUMBER
International Standard Book Number 9789056179557
082 ## - DEWEY DECIMAL CLASSIFICATION NUMBER
Classification number 364.151
Item number HUY
100 ## - MAIN ENTRY--PERSONAL NAME
Titles and words associated with a name Luc Huyse
Dates associated with a name 2009
245 ## - TITLE STATEMENT
Title All Things pass Except The Past
Statement of responsibility, etc. Luc Huyse
260 ## - PUBLICATION, DISTRIBUTION, ETC. (IMPRINT)
Place of publication, distribution, etc. Belgium
Name of publisher, distributor, etc. Awepa
Date of publication, distribution, etc. 2009
300 ## - PHYSICAL DESCRIPTION
Extent 207 p
700 ## - ADDED ENTRY--PERSONAL NAME
Titles and other words associated with a name Van Halewyck
942 ## - ADDED ENTRY ELEMENTS (KOHA)
Source of classification or shelving scheme Dewey Decimal Classification
Koha item type Books
Holdings
Withdrawn status Lost status Source of classification or shelving scheme Damaged status Not for loan Home library Current library Date acquired Total Checkouts Full call number Barcode Date last seen Price effective from Koha item type
    Dewey Decimal Classification     Bunge Tower Library Bunge Tower Library 06/07/2023   364.151 HUY 10015635 06/07/2023 06/07/2023 Books
    Dewey Decimal Classification     Bunge Tower Library Bunge Tower Library 06/07/2023   364.151 HUY 10015636 06/07/2023 06/07/2023 Books
LIBRARY OPENING HOURS

When the Parliament is sitting: 8.00a.m - 7.00p.m or until the house adjourns
Mondays and Fridays and when the House is on Recess:  8.00a.m - 5.00p.m
Closed on Weekends and Public Holidays

Online Public Access Catalog (OPAC)
Website: http://www.parliament.go.ke
Bunge Library: https://libraryir.parliament.go.ke
Contact: library@parliament.go.ke | Tel no: (254-2)2221291 or 2848000 Ext 5043